| 000 | 00472nam a2200169 a 4500 | ||
|---|---|---|---|
| 001 | 2717 | ||
| 003 | CDMR | ||
| 005 | 20130116135235.0 | ||
| 008 | 130130s1992||||||||||||||||||||||||||||d | ||
| 040 |
_aCDMR _bcat _cCDMR |
||
| 100 | 1 |
_aLópez Yepes, Alfonso _9610 |
|
| 245 | 1 | 0 |
_aManual de documentación audiovisual _cAlfonso López Yepes |
| 260 |
_aPamplona _c1992 _bEUNSA |
||
| 300 |
_a263 p ; _c21 cm |
||
| 490 | 0 |
_aCiencias de la información. Manuales _v15 _92041 |
|
| 942 | _cMON | ||
| 999 |
_c2717 _d2717 |
||